000 00504nam a2200169 a 4500
001 21992
005 20180713215830.0
008 140415s1968 000 0 spa d
041 _aspa
082 _a338.06
_bORG
245 0 0 _aORGANIZACION Y DIRECCION INDUSTRIAL
250 _a7ed.
260 _a[s.l.] :
_bFONDO DE CULTURA ECONOMICA,
_c1968
300 _a882
490 _aSECCION DE OBRAS DE ECONOMIA
650 1 4 _aADMINISTRACION INDUSTRIAL
_xMICROECONOMIA
_xRELACIONES INDUSTRIALES
999 _c21992
_d21992